| 000 | 01150cam a2200313 i 4500 | ||
|---|---|---|---|
| 001 | 14669120 | ||
| 003 | EG-ScBUE | ||
| 005 | 20260427091859.0 | ||
| 008 | 061213t2007 cauab f 000 0 eng d | ||
| 020 | _a0495115126 (pbk.) | ||
| 020 | _a9780495115120 | ||
| 040 |
_aDLC _beng _erda _cDLC _dDLC _dEG-ScBUE |
||
| 082 | 0 | 4 |
_a551.48 _bEXP _222 |
| 245 | 0 | 0 |
_aExploring water resources / _cMichelle K. Hall [and four others] |
| 246 | 3 | 4 |
_aExploring water resources : _bGIS investigations for the earth sciences |
| 250 | _aArcGIS edition. | ||
| 264 | 1 |
_aBelmont, CA : _bThomson /Brooks/Cole, _c[2007] |
|
| 264 | 4 | _cc2007 | |
| 300 |
_a160 pages : _billustrations (some color), maps ; _c28 cm |
||
| 336 |
_2rdacontent _atext _btxt |
||
| 337 |
_aunmediated _2rdamedia _bn |
||
| 338 |
_avolume _bnc _2rdacarrier |
||
| 650 | 7 |
_aHydrology _xData processing. _2BUEsh _96059 |
|
| 650 | 7 |
_aGeographic information systems. _2BUEsh _96060 |
|
| 700 | 1 |
_aHall, Michelle K., _eauthor. _96061 |
|
| 856 | 4 | 1 |
_3Table of contents only _uhttp://www.loc.gov/catdir/toc/fy0708/2006906789.html |
| 942 |
_2ddc _cBB |
||
| 999 |
_c11802 _d11802 |
||